| 000 | 01218nam a22003377a 4500 | ||
|---|---|---|---|
| 003 | CHAP | ||
| 005 | 20220329135624.0 | ||
| 008 | 971013s1980 r 00010 d | ||
| 010 | _a39470 | ||
| 011 | _a40442 | ||
| 035 | _a44567 | ||
| 040 | _cCHAP | ||
| 090 | _aTesis | ||
| 100 | 0 | 0 |
_aMontemayor Dávila, Juan Jaime Gerardo. _977782 |
| 245 | _aDeterminación de la fehca óptima de siembra del zacate Klein (Panicum coloratum L.) en el municipio de Cadereyta Jiménez, Nuevo León | ||
| 260 |
_a(Monterrey, N.L.) : _bEl autor, _c1980 |
||
| 300 |
_a57 h. _b; gráfs |
||
| 502 | _aTesis (Ing. Agrónomo Zootecnista) -- ITESM. Div. de Ciencias Agropecuarias y Marítimas | ||
| 590 |
_aALEPH _b10 _c20130110 _lUCH01 _h1307 |
||
| 590 |
_aBATCH-UPD _b10 _c20130109 _lUCH01 _h2328 |
||
| 590 |
_aBATCH-UPD _b10 _c20130110 _lUCH01 _h0148 |
||
| 590 |
_aBATCH-UPD _b10 _c20130110 _lUCH01 _h2259 |
||
| 590 |
_aBATCH-UPD _b10 _c20130410 _lUCH01 _h1552 |
||
| 590 |
_aBATCH-UPD _b10 _c20130914 _lUCH01 _h1857 |
||
| 590 |
_aCONVERSION _b10 _c20130109 _lUCH01 _h1322 |
||
| 650 | 1 | 4 |
_aPanicum coloratum. _985103 |
| 650 | 1 | 4 |
_aPastos _xFechas de siembra. _986031 |
| 901 | _aBK | ||
| 942 | _cTESIS | ||
| 949 |
_bBC _cTES _d-102056 _eTS1 _i44567 _si |
||
| 999 |
_c39470 _d39470 |
||